[Event "Novosibirsk November op"]
[Site "Novosibirsk"]
[Date "2009.11.16"]
[Round "1.1"]
[White "Moskalev, Alexander"]
[Black "Yakushev, Nikolai"]
[Result "1/2-1/2"]
[WhiteElo "1914"]
[BlackElo "2201"]
[PlyCount "51"]
[EventDate "2009.11.16"]
[EventType "swiss"]
[EventRounds "9"]
[EventCountry "RUS"]
[SourceTitle "EXT 2011"]
[Source "ChessBase"]
[SourceDate "2010.11.26"]
[SourceVersion "1"]
[SourceVersionDate "2010.11.26"]
[SourceQuality "1"]

1. e4 c6 2. c4 e5 3. Nf3 d6 4. d4 Qc7 5. Nc3 Nf6 6. Be2 Be7 7. 0-0 0-0 8. h3 Re8 9. Be3 Nbd7 10. a3 Bf8 11. dxe5 dxe5 12. b4 Be7 13. Qc2 Nf8 14. Rfd1 Ng6 15. c5 Nh5 16. Bc4 Nhf4 17. Na4 Be6 18. Nb2 Rad8 19. Bxe6 Nxe6 20. Nc4 Rxd1+ 21. Rxd1 Rd8 22. Rxd8+ Bxd8 23. Qb2 f6 24. Qb3 Qd7 25. Nd6 Ngf8 26. a4 1/2-1/2

[Event "Novosibirsk op 03"]
[Site "Novosibirsk"]
[Date "2009.03.24"]
[Round "5"]
[White "Yakushev, Nikolai"]
[Black "Krasnov, Yury"]
[Result "1-0"]
[WhiteElo "2201"]
[BlackElo "2099"]
[PlyCount "87"]
[EventDate "2009.03.17"]
[EventType "swiss"]
[EventRounds "9"]
[EventCountry "RUS"]
[SourceTitle "EXT 2012"]
[Source "ChessBase"]
[SourceDate "2011.11.24"]
[SourceVersion "1"]
[SourceVersionDate "2011.11.24"]
[SourceQuality "1"]

1. d4 Nf6 2. c4 e6 3. Nf3 c5 4. Nc3 cxd4 5. Nxd4 Bb4 6. Bd2 Nc6 7. Nb3 0-0 8. e3 d5 9. Qc2 a6 10. Rd1 Re8 11. Be2 dxc4 12. Bxc4 Ne5 13. Be2 Qc7 14. Rc1 Qb8 15. a3 Bd6 16. Ne4 Nxe4 17. Qxe4 Bd7 18. Nd4 f5 19. Qh4 f4 20. 0-0 Ng6 21. Qh5 Qa7 22. Nf3 Rac8 23. Ng5 Nf8 24. Bc3 Re7 25. Bd3 g6 26. Qh6 fxe3 27. Ne4 e2 28. Bxe2 Bb8 29. Nf6+ Kf7 30. Nxh7 e5 31. Bc4+ Be6 32. Ng5+ Kf6 33. Qh8+ Kxg5 34. Bd2+ Kf5 35. Bxe6+ Nxe6 36. Rxc8 Bd6 37. Rg8 Qd4 38. Qh6 Ke4 39. Bc3 Qc4 40. Re1+ Kd5 41. Rxg6 Kc6 42. Bb4 Kd7 43. Rd1 Nd4 44. Rxd6+ 1-0

[Event "Novosibirsk op 03"]
[Site "Novosibirsk"]
[Date "2009.03.17"]
[Round "1"]
[White "Yakushev, Nikolai"]
[Black "Stepanenko, Leonid"]
[Result "1-0"]
[WhiteElo "2201"]
[BlackElo "1884"]
[PlyCount "31"]
[EventDate "2009.03.17"]
[EventType "swiss"]
[EventRounds "9"]
[EventCountry "RUS"]
[SourceTitle "EXT 2012"]
[Source "ChessBase"]
[SourceDate "2011.11.24"]
[SourceVersion "1"]
[SourceVersionDate "2011.11.24"]
[SourceQuality "1"]

1. d4 d5 2. c4 e6 3. Nf3 Nf6 4. Nc3 c6 5. e3 Nbd7 6. Bd3 dxc4 7. Bxc4 b5 8. Bd3 a6 9. e4 Bb7 10. e5 Nd5 11. Ng5 g6 12. Qf3 Qe7 13. Nce4 Qb4+ 14. Bd2 Qxd4 15. Qxf7+ Kd8 16. Nxe6+ 1-0

[Event "Novosibirsk-ch op"]
[Site "Novosibirsk"]
[Date "2009.02.19"]
[Round "2"]
[White "Dzhumagaliev, Yan"]
[Black "Yakushev, Nikolai"]
[Result "1-0"]
[WhiteElo "2315"]
[BlackElo "2183"]
[PlyCount "107"]
[EventDate "2009.02.18"]
[EventType "swiss"]
[EventRounds "9"]
[EventCountry "RUS"]
[SourceTitle "CBM 129 Extra"]
[Source "ChessBase"]
[SourceDate "2009.05.05"]
[SourceVersion "2"]
[SourceVersionDate "2009.05.20"]
[SourceQuality "1"]

1. d4 Nf6 2. c4 e6 3. g3 d5 4. Nf3 Be7 5. Bg2 0-0 6. 0-0 Nbd7 7. Qc2 c6 8. Rd1 Ne4 9. b3 f5 10. Bb2 Qe8 11. Ne1 Qh5 12. f3 Ng5 13. Nd3 Nh3+ 14. Kh1 Rf6 15. Nd2 Bd6 16. Nf1 f4 17. g4 Qh4 18. Bc3 Rh6 19. Be1 Qf6 20. Nf2 Nxf2+ 21. Bxf2 g5 22. Qd2 Nf8 23. b4 Bd7 24. a4 Ng6 25. Rdb1 Nh4 26. b5 Nxg2 27. Kxg2 Rg6 28. a5 dxc4 29. b6 a6 30. Qc2 Rd8 31. Nd2 Be8 32. Ne4 Qf8 33. Qxc4 Bf7 34. Qc3 Qe7 35. h4 gxh4 36. Rh1 Rh6 37. g5 h3+ 38. Kf1 Rh5 39. Nf6+ Kf8 40. Nxh5 Bxh5 41. d5 Bg6 42. dxc6 bxc6 43. Rd1 Kf7 44. Qf6+ Ke8 45. Rxh3 Rd7 46. Qh8+ Qf8 47. Qc3 Qf5 48. Rh4 c5 49. Qh8+ Qf8 50. Qxf8+ Bxf8 51. Rxd7 Kxd7 52. Rxf4 Be7 53. Rc4 Kc6 54. Bxc5 1-0